01349 a2200193 45000010006000000050017000060080041000230030015000640400040000790800044001192450051001630200022002142640106002363000024003425050606003661000023009727000027009958560133010222406520260407155526.0260407a2013 arg spa dAR-UNSa-BCEJYS aAR-UNSa-BCEJYSbspacAR-UNSa-BCEJYS a347.159xDerecho de la Personas Mayores10aAdultos mayorespciudadanos y actores sociales a978-987-03-2512-3 1aBuenos Aires :bUniversidad de Buenos Aires. Facultad de Derecho. Departamento de Publicacionesc2013 axvi, 182 p.c24 cm. a1. Adultos mayores: ciudadanos y actores sociales - 2. Es menester crear un derecho de la ancianidad - 3. Los adultos mayores y la salud - 4. Otros pronunciamientos judiciales relacionados con adultos mayores - 5. Los malos tratos a las personas mayores - 6. Mediación como herramienta de protección de los derechos de los adultos mayores - 7. La felicidad a lo largo del ciclo vital - 8. Cuidar el físico y no el cerebro en un absurdo - 9. Los que llegan a "los ochenta" y más... - 10. Necesidad de ayuda - 11. La mirada social - 12. El derecho de las personas mayores: visión internacional1 aCiancia, Olga Edda1 aVallet, Hilda Eleonora41uhttps://biblioeco.unsa.edu.ar/pmb/images/libros/Adultos Mayores Ciudadanos y actores sociales.jpgyImagen de portadaqimage/jpeg